[Event "Robecchetto op-C 25th"]
[Site "Robecchetto"]
[Date "2014.12.27"]
[Round "2"]
[White "Valtemara, Mattia Angelo"]
[Black "Sacchi, Luca"]
[Result "1-0"]
[WhiteElo "1444"]
[BlackElo "1360"]
[PlyCount "119"]
[EventDate "2014.12.26"]
[EventType "swiss"]
[EventRounds "6"]
[EventCountry "ITA"]
[SourceTitle "EXT 2024"]
[Source "ChessBase"]
[SourceDate "2023.10.10"]
[SourceVersion "1"]
[SourceVersionDate "2023.10.10"]
[SourceQuality "1"]

1. e4 c5 2. Nf3 Nc6 3. c3 g6 4. d4 cxd4 5. cxd4 d6 6. Nc3 Bg7 7. Be2 Nf6 8. 0-0 0-0 9. h3 Re8 10. Be3 e5 11. dxe5 dxe5 12. Qxd8 Rxd8 13. Rfd1 Be6 14. Ng5 Bd7 15. Bc5 b6 16. Bd6 h6 17. Nf3 Ne8 18. Ba3 Be6 19. b3 a6 20. Rxd8 Rxd8 21. Bxa6 Nc7 22. Bf1 Nd4 23. Rd1 Nxf3+ 24. gxf3 Rxd1 25. Nxd1 b5 26. Bd6 Ne8 27. Bc5 Bd7 28. Kh2 h5 29. Nc3 Nc7 30. a4 bxa4 31. bxa4 Bh6 32. Nb5 Bf4+ 33. Kg2 Bxb5 34. Bxb5 Nxb5 35. axb5 Bg5 36. Ba7 Bd8 37. b6 Bxb6 38. Bxb6 Kg7 39. Kg3 g5 40. h4 Kg6 41. Bc7 f6 42. Bd6 Kh6 43. Bb4 Kg6 44. Bd2 Kh6 45. f4 exf4+ 46. Bxf4 gxf4+ 47. Kxf4 Kg6 48. e5 fxe5+ 49. Kxe5 Kg7 50. Kf5 Kh6 51. Kf6 Kh7 52. Kg5 Kg7 53. Kxh5 Kh7 54. Kg5 Kg7 55. f4 Kh7 56. Kf6 Kh6 57. Ke6 Kg6 58. f5+ Kg7 59. Ke7 Kg8 60. f6 1-0

[Event "Robecchetto op-C 24th"]
[Site "Robecchetto"]
[Date "2013.12.27"]
[Round "1"]
[White "Cavagna, Marco"]
[Black "Sacchi, Luca"]
[Result "1-0"]
[WhiteElo "1527"]
[BlackElo "1332"]
[PlyCount "103"]
[EventDate "2013.12.27"]
[EventType "swiss"]
[EventRounds "6"]
[EventCountry "ITA"]
[SourceTitle "EXT 2023"]
[Source "ChessBase"]
[SourceDate "2022.10.05"]
[SourceVersion "1"]
[SourceVersionDate "2022.10.05"]
[SourceQuality "1"]

1. d4 b6 2. e4 Bb7 3. Nc3 e6 4. Nf3 g6 5. Bf4 Bg7 6. Bd3 d6 7. 0-0 Nd7 8. Re1 a6 9. a4 Ngf6 10. h3 0-0 11. e5 dxe5 12. dxe5 Nd5 13. Nxd5 Bxd5 14. c4 Bb7 15. b4 c5 16. b5 axb5 17. cxb5 Qc7 18. Rc1 Rfd8 19. Nd4 Nxe5 20. Bxe5 Bxe5 21. Nc6 Bxc6 22. bxc6 Rd6 23. Rxe5 Qxc6 24. Qc2 Rxa4 25. Rb1 Rad4 26. Be4 Qa4 27. Qe2 c4 28. Bc2 Qc6 29. Reb5 c3 30. Rd1 Rxd1+ 31. Bxd1 Rd2 32. Qf1 c2 33. Bxc2 Rxc2 34. Rb1 Rc5 35. Qd1 b5 36. Qd8+ Kg7 37. Qd4+ f6 38. Qe3 Qb6 39. Qb3 Rd5 40. Qb4 Kf7 41. Rc1 Rd4 42. Qb3 b4 43. Kf1 Qb5+ 44. Kg1 Ke7 45. Rc7+ Rd7 46. Rc4 Rd1+ 47. Kh2 Qb8+ 48. g3 Rd6 49. Rxb4 Qc8 50. Rb7+ Rd7 51. Qb4+ Ke8 52. Rb8 1-0